000 004900000a22001570004500
003 MACL
005 20181222121043.0
008 181222b xxu||||| |||| 00| 0 eng d
040 _aMACL
_cmacl
100 _aशर्मा सी के
_933941
245 _aभारतीय इतिहास
260 _b…+…"…,…ʹ…Œ…®…_…ý…·……̜…_…,
350 _a240
650 _a…1…·…,…_ƒ__…Y…_…̜…_
_972574
942 _cHIN
_k954/SHA
_2ddc
999 _c30558
_d30558